Consulta popular mayo del 2011

Uloženo v:
Podrobná bibliografie
Hlavní autor: Salmon Alvear, Carlos (Autor)
Médium: Kniha
Jazyk:španělština
Vydáno: Guayaquil Universidad Católica de Santiago 2011
Témata:
Tagy: Přidat tag
Žádné tagy, Buďte první, kdo vytvoří štítek k tomuto záznamu!

MARC

LEADER 00000cam a2200000 a 4500
001 UCF2231
003 CL-VaPUC
008 120810e20110300EC |||||||||||||||||spa|d
082 0 4 |a 342.986  |b SAL  |2 21 
100 0 |a Salmon Alvear, Carlos  |e author  |9 563826 
245 1 0 |a Consulta popular mayo del 2011 
300 |a 168 p 
942 |c BK 
945 |d 20120810 00:00:00  |a dcastane 
260 |a Guayaquil  |b Universidad Católica de Santiago  |c 2011 
650 0 |a Derecho constitucional   |9 222588 
650 0 |a Votaciones  |9 460213 
650 0 |a Elecciones  |9 254997 
651 0 |a Ecuador  |9 258378 
583 |a last modification  |c 20120810 11:35:00  |k Rodrigo Vera 
999 |c 348831  |d 348829 
952 |0 0  |1 0  |4 0  |6 342_986000000000000_SAL_2011  |7 0  |8 A  |9 451066  |a BIBDER  |b BIBDER  |d 2019-11-22  |i 4881516  |o 342.986 SAL 2011  |p 4881516  |r 2023-01-25  |w 2019-11-22  |y BK  |k DER